| 000 | | | 04888ckm0a2200325#x 450 |
| 001 | | | d0128962-ba10-4bd6-8762-55c13ea8c2b8 |
| 005 | | | 20240301141412.0 |
| 100 | ## | $a | 20240228d1943####k###0rusy50 ca |
| 101 | 0# | $a | rus |
| 102 | ## | $a | RU |
| 116 | ## | $a | fiybxx####zz####zz |
| 122 | 0# | $a | d1943###### |
| 200 | 1# | $a | Упаковка минометов, сданных в фонд Верховного главнокомандования, для отправки в Москву. Алтайский край |
| | $j | 1943 г. |
| 251 | ## | $c | Документ |
| 300 | ## | $a | Фотография |
| 300 | ## | $a | Фотограф В. Косовский |
| 601 | 01 | $2 | nlr_sh |
| | $3 | RU\NLR\AUTH\661280805 |
| | $a | СССР |
| | $b | Ставка Верховного Главнокомандования |
| | $j | Фотографии |
| 605 | ## | $2 | prlib_sh |
| | $3 | LIBNET\UAF\0000088514 |
| | $a | Вторая мировая война в архивных документах (Комплекс оцифрованных архивных документов, кино- и фотоматериалов) |
| | $l | коллекция |
| 605 | ## | $2 | acquisition_Prlib |
| | $3 | DITM\AF\0000000338 |
| | $a | Память о Великой Победе |
| | $l | коллекция |
| 605 | ## | $2 | acquisition_Prlib |
| | $3 | DITM\AF\0000003834 |
| | $a | Народ |
| | $l | коллекция |
| 606 | 1# | $2 | nlr_sh1 |
| | $3 | RU\NLR\AUTH\6675259 |
| | $a | Артиллерийские орудия |
| | $x | Производство |
| | $x | История |
| | $y | СССР |
| | $j | Фотографии |
| 606 | 1# | $2 | nlr_sh1 |
| | $3 | RU\NLR\AUTH\6673983 |
| | $a | Минометы |
| | $j | Фотографии |
| 606 | 1# | $2 | nlr_sh |
| | $3 | RU\NLR\AUTH\6601693170 |
| | $a | Великая Отечественная война |
| | $z | 1941 - 1945 |
| | $x | Тыл(воен.) |
| | $y | Алтайский край |
| | $j | Фотографии |
| 608 | ## | $2 | prlib_sh |
| | $3 | LIBNET\UAF\0000102864 |
| | $a | Документальные фотографии |
| | $z | 1943 |
| 686 | ## | $a | 63.3(2)622,12я611 |
| | $v | LBC/M |
| | $2 | rubbk |
| 801 | #0 | $a | RU |
| | $b | ПБ им. Б.Н. Ельцина |
| | $c | 20240228 |
| 801 | #1 | $a | RU |
| | $b | ПБ им. Б.Н. Ельцина |
| | $c | 20240228 |
| | $2 | rusmarc |
| 801 | #2 | $a | RU |
| | $b | ПБ им. Б.Н. Ельцина |
| | $c | 20240301 |
| | $2 | rusmarc |
| 850 | ## | $a | Российский государственный архив кинофотодокументов |
| 852 | ## | $a | РГАКФД |
| | $j | Арх. № 0-72210 |
| 035 | ## | $a | LIBNET\0001383708 |
| 937 | ## | $d | 191147066 |
| | $h | Федеральное архивное агентство |
| 856 | 4# | $u | http://readingroom.main.prlib.ru/item.aspx?id_node=n191147066&mode=full |